Managing for high performance : Maximising staff performance to succeed in the fast-changing, customer-focused 1990s

Bibliographic Details
Main Author: MOORES
Format: Book
Published: Petaling Jaya,Selangor : Pelanduk Pub. , 1996
Subjects:

MARC

LEADER 00000cam a2200000 7i4500
001 0000000088
005 20000717.0
020 0 0 |a 9679785866 
090 0 0 |a 658.3125   |b MOO 1996 
100 1 0 |a MOORES   |h Roger 
245 1 0 |a Managing for high performance :   |b Maximising staff performance to succeed in the fast-changing, customer-focused 1990s   |c Roger Moores 
260 0 0 |a Petaling Jaya,Selangor :   |b Pelanduk Pub. ,   |c 1996 
300 |a 153 p. :   |b ill. ;   |c 22 cm. 
500 0 0 |a Bibliography: [p. 151-153] 
650 0 0 |a Employees   |x Rating of 
650 0 0 |a Management 
650 0 0 |a Performance 
999 |a 0000001070   |b Monograph   |c Open Shelf   |e Default branch